00245nam a2200085Ia 450000100070000000500170000700800410002424500670006526000270013285167920250826174500.0250824s9999 xx 000 0 und d 0aMACERA GEÇİDİ:YENİ DÜNYALARDAcTUNCEL ALTINKÖPRÜ bGENÇ HAYAT YAYINLARI